[Event "XLIV Memoriał Szachowy Ludwika Zamenhofa 2025, Grupa A"]
[Site "Białystok, Poland"]
[Date "2025.12.27"]
[Round "1.23"]
[White "Krol, Jan"]
[Black "Ejsymont, Eryk"]
[Result "1-0"]
[TimeControl "90'+30\""]
[WhiteElo "2202"]
[BlackElo "2022"]

1. e4 {[%clk 01:30:58]} {[%emt 00:00:02]} c5 {[%clk 01:30:52]} {[%emt
00:00:08]} 2. Nf3 {[%clk 01:31:23]} {[%emt 00:00:05]} d6 {[%clk 01:31:16]}
{[%emt 00:00:06]} 3. d4 {[%clk 01:31:32]} {[%emt 00:00:20]} cxd4 {[%clk
01:31:40]} {[%emt 00:00:07]} 4. Nxd4 {[%clk 01:31:43]} {[%emt 00:00:19]} Nf6
{[%clk 01:32:04]} {[%emt 00:00:07]} 5. Nc3 {[%clk 01:32:07]} {[%emt 00:00:05]}
a6 {[%clk 01:32:29]} {[%emt 00:00:05]} 6. Be3 {[%clk 01:32:28]} {[%emt
00:00:09]} e5 {[%clk 01:32:53]} {[%emt 00:00:05]} 7. Nb3 {[%clk 01:32:54]}
{[%emt 00:00:05]} Be6 {[%clk 01:32:49]} {[%emt 00:00:34]} 8. f3 {[%clk
01:32:41]} {[%emt 00:00:43]} h5 {[%clk 01:31:16]} {[%emt 00:02:03]} 9. Qd2
{[%clk 01:33:04]} {[%emt 00:00:07]} Be7 {[%clk 01:30:16]} {[%emt 00:01:30]} 10.
Nd5 {[%clk 01:31:56]} {[%emt 00:01:39]} Bxd5 {[%clk 01:26:58]} {[%emt
00:03:47]} 11. exd5 {[%clk 01:32:20]} {[%emt 00:00:05]} Nbd7 {[%clk 01:25:35]}
{[%emt 00:01:54]} 12. O-O-O {[%clk 01:31:47]} {[%emt 00:01:03]} Rc8 {[%clk
01:16:31]} {[%emt 00:09:33]} 13. Kb1 {[%clk 01:30:57]} {[%emt 00:01:20]} b5
{[%clk 01:13:07]} {[%emt 00:03:55]} 14. Na5 {[%clk 01:11:28]} {[%emt 00:19:59]}
Qc7 {[%clk 01:08:03]} {[%emt 00:05:34]} 15. c4 {[%clk 01:11:47]} {[%emt
00:00:11]} bxc4 {[%clk 00:40:18]} {[%emt 00:28:15]} 16. Bxc4 {[%clk 01:11:53]}
{[%emt 00:00:24]} Nb8 {[%clk 00:39:43]} {[%emt 00:01:05]} 17. Rc1 {[%clk
01:09:38]} {[%emt 00:02:45]} Qd7 {[%clk 00:39:08]} {[%emt 00:01:05]} 18. Rc2
{[%clk 00:56:33]} {[%emt 00:13:34]} O-O {[%clk 00:38:20]} {[%emt 00:01:18]} 19.
Rhc1 {[%clk 00:56:49]} {[%emt 00:00:14]} Kh8 {[%clk 00:34:29]} {[%emt
00:04:21]} 20. h3 {[%clk 00:49:14]} {[%emt 00:08:05]} g6 {[%clk 00:23:21]}
{[%emt 00:11:38]} 21. g4 {[%clk 00:43:52]} {[%emt 00:05:52]} Nh7 {[%clk
00:21:07]} {[%emt 00:02:43]} 22. f4 {[%clk 00:37:07]} {[%emt 00:07:16]} exf4
{[%clk 00:12:55]} {[%emt 00:08:41]} 23. Bd4+ {[%clk 00:35:10]} {[%emt
00:02:28]} Kg8 {[%clk 00:12:05]} {[%emt 00:01:20]} 24. gxh5 {[%clk 00:35:00]}
{[%emt 00:00:40]} g5 {[%clk 00:08:40]} {[%emt 00:03:55]} 25. h4 {[%clk
00:32:19]} {[%emt 00:03:11]} g4 {[%clk 00:07:20]} {[%emt 00:01:49]} 26. Qxf4
{[%clk 00:32:02]} {[%emt 00:00:48]} Bxh4 {[%clk 00:06:50]} {[%emt 00:00:59]} 27.
Qh6 {[%clk 00:30:42]} {[%emt 00:01:49]} f6 {[%clk 00:05:18]} {[%emt 00:02:04]}
28. Rg1 {[%clk 00:29:05]} {[%emt 00:02:07]} Bg5 {[%clk 00:03:56]} {[%emt
00:01:52]} 29. Qg6+ {[%clk 00:28:52]} {[%emt 00:00:43]} Kh8 {[%clk 00:04:25]}
{[%emt 00:00:01]} 30. Bd3 {[%clk 00:28:39]} {[%emt 00:00:43]} Rxc2 {[%clk
00:04:17]} {[%emt 00:00:38]} 31. Bxc2 {[%clk 00:29:02]} {[%emt 00:00:07]} Qf7
{[%clk 00:04:06]} {[%emt 00:00:41]} 32. Rxg4 {[%clk 00:26:52]} {[%emt
00:02:40]} Qe7 {[%clk 00:01:47]} {[%emt 00:02:49]} 33. Re4 {[%clk 00:26:38]}
{[%emt 00:00:44]} Qd7 {[%clk 00:01:49]} {[%emt 00:00:28]} 34. Re6 {[%clk
00:25:24]} {[%emt 00:01:43]} Rg8 {[%clk 00:00:53]} {[%emt 00:01:27]} 35. Qxh7+
{[%clk 00:25:21]} {[%emt 00:00:33]} Qxh7 {[%clk 00:01:17]} {[%emt 00:00:06]} 36.
Bxh7 {[%clk 00:25:47]} {[%emt 00:00:04]} Kxh7 {[%clk 00:01:42]} {[%emt
00:00:05]} 37. Bxf6 {[%clk 00:25:22]} {[%emt 00:00:54]} Bf4 {[%clk 00:01:36]}
{[%emt 00:00:36]} 38. Nc4 {[%clk 00:22:45]} {[%emt 00:03:07]} Rg1+ {[%clk
00:00:36]} {[%emt 00:01:31]} 39. Kc2 {[%clk 00:23:12]} {[%emt 00:00:03]} Rg2+
{[%clk 00:00:37]} {[%emt 00:00:29]} 40. Kb3 {[%clk 00:21:06]} {[%emt 00:02:37]}
a5 {[%clk 00:00:39]} {[%emt 00:00:28]} 41. Nxa5 {[%clk 00:20:02]} {[%emt
00:01:33]} Na6 {[%clk 00:00:42]} {[%emt 00:00:26]} 42. Re7+ {[%clk 00:20:08]}
{[%emt 00:00:25]} Kh6 {[%clk 00:00:37]} {[%emt 00:00:35]} 43. Bd4 {[%clk
00:19:59]} {[%emt 00:00:38]} Rd2 {[%clk 00:00:32]} {[%emt 00:00:36]} 44. Re4
{[%clk 00:18:25]} {[%emt 00:02:03]} Bg5 {[%clk 00:00:34]} {[%emt 00:00:28]} 45.
Re6+ {[%clk 00:15:31]} {[%emt 00:03:25]} Kxh5 {[%clk 00:00:43]} {[%emt
00:00:21]} 46. Rxd6 {[%clk 00:15:50]} {[%emt 00:00:11]} Nb4 {[%clk 00:00:32]}
{[%emt 00:00:42]} 47. Bc3 {[%clk 00:15:41]} {[%emt 00:00:38]} Rd3 {[%clk
00:00:39]} {[%emt 00:00:23]} 48. Kxb4 {[%clk 00:14:12]} {[%emt 00:02:00]} Be7
{[%clk 00:00:53]} {[%emt 00:00:15]} 49. Kc4 {[%clk 00:13:55]} {[%emt 00:00:47]}
Rxc3+ {[%clk 00:01:01]} {[%emt 00:00:22]} 50. bxc3 {[%clk 00:14:19]} {[%emt
00:00:06]} 1-0

[Event "XLIV Memoriał Szachowy Ludwika Zamenhofa 2025, Grupa A"]
[Site "Białystok, Poland"]
[Date "2025.12.27"]
[Round "1.24"]
[White "Wites, Adam"]
[Black "Butkiewicz, Jan"]
[Result "*"]
[TimeControl "90'+30\""]
[WhiteElo "2017"]
[BlackElo "2199"]

1. e4 {[%clk 01:30:58]} {[%emt 00:00:02]} e6 {[%clk 01:30:54]} {[%emt
00:00:06]} 2. d4 {[%clk 01:31:22]} {[%emt 00:00:06]} d5 {[%clk 01:31:20]}
{[%emt 00:00:05]} 3. Nc3 {[%clk 01:31:44]} {[%emt 00:00:08]} Bb4 {[%clk
01:31:43]} {[%emt 00:00:06]} 4. e5 {[%clk 01:32:06]} {[%emt 00:00:08]} c5
{[%clk 01:32:08]} {[%emt 00:00:06]} 5. a3 {[%clk 01:32:30]} {[%emt 00:00:06]}
Bxc3+ {[%clk 01:32:32]} {[%emt 00:00:06]} 6. bxc3 {[%clk 01:32:56]} {[%emt
00:00:05]} Nc6 {[%clk 01:32:57]} {[%emt 00:00:05]} 7. Qg4 {[%clk 01:30:48]}
{[%emt 00:02:37]} g6 {[%clk 01:33:16]} {[%emt 00:00:10]} 8. h4 {[%clk
01:28:49]} {[%emt 00:02:29]} Qa5 {[%clk 01:33:35]} {[%emt 00:00:11]} 9. Bd2
{[%clk 01:25:16]} {[%emt 00:04:03]} h6 {[%clk 01:33:49]} {[%emt 00:00:16]} 10.
Bd3 {[%clk 01:16:06]} {[%emt 00:09:40]} Nge7 {[%clk 01:30:35]} {[%emt
00:03:44]} 11. Qf4 {[%clk 01:13:45]} {[%emt 00:02:50]} c4 {[%clk 01:30:31]}
{[%emt 00:00:36]} 12. Qf6 {[%clk 01:11:42]} {[%emt 00:02:33]} Rh7 {[%clk
01:29:52]} {[%emt 00:01:08]} 13. Be2 {[%clk 01:07:11]} {[%emt 00:05:02]} Qa4
{[%clk 01:28:36]} {[%emt 00:01:46]} 14. Bd1 {[%clk 01:00:23]} {[%emt 00:07:17]}
Bd7 {[%clk 01:28:44]} {[%emt 00:00:22]} 15. Ne2 {[%clk 00:54:25]} {[%emt
00:06:29]} O-O-O {[%clk 01:28:47]} {[%emt 00:00:27]} 16. Ng3 {[%clk 00:52:38]}
{[%emt 00:02:16]} Rf8 {[%clk 01:25:53]} {[%emt 00:03:23]} 17. Qf3 {[%clk
00:45:30]} {[%emt 00:07:39]} Ng8 {[%clk 01:25:03]} {[%emt 00:01:21]} 18. Ne2
{[%clk 00:41:24]} {[%emt 00:04:36]} f6 {[%clk 01:16:15]} {[%emt 00:09:18]} 19.
Qg3 {[%clk 00:39:43]} {[%emt 00:02:09]} Nge7 {[%clk 01:10:42]} {[%emt
00:06:04]} 20. Nf4 {[%clk 00:36:01]} {[%emt 00:04:13]} Rg7 {[%clk 00:38:33]}
{[%emt 00:32:39]} 21. Bg4 {[%clk 00:30:59]} {[%emt 00:05:31]} Nd8 {[%clk
00:33:58]} {[%emt 00:05:06]} 22. Nh3 {[%clk 00:23:33]} {[%emt 00:07:55]} h5
{[%clk 00:12:14]} {[%emt 00:22:14]} 23. Bh6 {[%clk 00:13:08]} {[%emt 00:10:55]}
hxg4 {[%clk 00:12:34]} {[%emt 00:00:10]} 24. Bxg7 {[%clk 00:13:03]} {[%emt
00:00:35]} Nf5 {[%clk 00:12:42]} {[%emt 00:00:22]} 25. Qxg4 {[%clk 00:13:25]}
{[%emt 00:00:09]} Nxg7 {[%clk 00:13:06]} {[%emt 00:00:06]} 26. Qxg6 {[%clk
00:13:35]} {[%emt 00:00:19]} Nf5 {[%clk 00:12:29]} {[%emt 00:01:07]} 27. g4
{[%clk 00:08:43]} {[%emt 00:05:22]} Qxc2 {[%clk 00:09:08]} {[%emt 00:03:51]} 28.
gxf5 {[%clk 00:03:31]} {[%emt 00:05:43]} Qxc3+ {[%clk 00:09:29]} {[%emt
00:00:09]} 29. Ke2 {[%clk 00:03:55]} {[%emt 00:00:06]} Qd3+ {[%clk 00:09:47]}
{[%emt 00:00:11]} 30. Ke1 {[%clk 00:04:03]} {[%emt 00:00:23]} Qe4+ {[%clk
00:09:13]} {[%emt 00:01:03]} 31. Kd2 {[%clk 00:01:35]} {[%emt 00:02:58]} Qxd4+
{[%clk 00:09:37]} {[%emt 00:00:07]} 32. Ke2 {[%clk 00:02:00]} {[%emt 00:00:05]}
Qd3+ {[%clk 00:05:10]} {[%emt 00:04:55]} 33. Ke1 {[%clk 00:02:24]} {[%emt
00:00:07]} Nc6 {[%clk 00:02:12]} {[%emt 00:03:28]} 34. Qg7 {[%clk 00:01:12]}
{[%emt 00:01:43]} Re8 {[%clk 00:02:00]} {[%emt 00:00:42]} 35. Qxf6 {[%clk
00:00:37]} {[%emt 00:01:06]} Nd4 {[%clk 00:02:14]} {[%emt 00:00:15]} 36. f4
{[%clk 00:00:36]} {[%emt 00:00:31]} Qe2# {[%clk 01:30:30]} {[%emt 00:00:05]} *

[Event "XLIV Memoriał Szachowy Ludwika Zamenhofa 2025, Grupa A"]
[Site "Białystok, Poland"]
[Date "2025.12.27"]
[Round "2.1"]
[White "Krawczyk, Flawian"]
[Black "Psyk, Radoslaw"]
[Result "1/2-1/2"]
[TimeControl "90'+30\""]
[WhiteElo "2292"]
[BlackElo "2504"]

1. e4 {[%clk 01:30:57]} {[%emt 00:00:03]} c5 {[%clk 01:16:16]} {[%emt
00:14:45]} 2. Nf3 {[%clk 01:31:19]} {[%emt 00:00:08]} e6 {[%clk 01:16:40]}
{[%emt 00:00:06]} 3. d4 {[%clk 01:31:47]} {[%emt 00:00:02]} cxd4 {[%clk
01:17:07]} {[%emt 00:00:04]} 4. Nxd4 {[%clk 01:32:15]} {[%emt 00:00:02]} Nc6
{[%clk 01:16:58]} {[%emt 00:00:38]} 5. Nc3 {[%clk 01:32:17]} {[%emt 00:00:27]}
Qc7 {[%clk 01:17:23]} {[%emt 00:00:06]} 6. Be3 {[%clk 01:31:54]} {[%emt
00:00:53]} a6 {[%clk 01:17:41]} {[%emt 00:00:12]} 7. g4 {[%clk 01:31:48]}
{[%emt 00:00:35]} Nxd4 {[%clk 01:16:34]} {[%emt 00:01:38]} 8. Qxd4 {[%clk
01:30:50]} {[%emt 00:01:28]} b5 {[%clk 01:16:49]} {[%emt 00:00:15]} 9. Bg2
{[%clk 01:23:56]} {[%emt 00:07:23]} Bb7 {[%clk 01:15:42]} {[%emt 00:01:38]} 10.
O-O {[%clk 01:21:57]} {[%emt 00:02:28]} Ne7 {[%clk 00:59:18]} {[%emt 00:16:56]}
11. f4 {[%clk 01:16:43]} {[%emt 00:05:43]} Nc6 {[%clk 00:51:13]} {[%emt
00:08:35]} 12. Qb6 {[%clk 01:16:28]} {[%emt 00:00:45]} Qxb6 {[%clk 00:47:00]}
{[%emt 00:04:42]} 13. Bxb6 {[%clk 01:16:38]} {[%emt 00:00:19]} Rc8 {[%clk
00:31:16]} {[%emt 00:16:16]} 14. Rad1 {[%clk 01:08:33]} {[%emt 00:08:34]} Bb4
{[%clk 00:23:16]} {[%emt 00:08:31]} 15. Rf3 {[%clk 01:06:19]} {[%emt 00:02:44]}
Na5 {[%clk 00:15:46]} {[%emt 00:07:59]} 16. a3 {[%clk 01:02:04]} {[%emt
00:04:46]} Bxc3 {[%clk 00:15:06]} {[%emt 00:01:11]} 17. Rxc3 {[%clk 01:02:21]}
{[%emt 00:00:12]} Rxc3 {[%clk 00:14:48]} {[%emt 00:00:48]} 18. bxc3 {[%clk
01:02:46]} {[%emt 00:00:05]} Nc4 {[%clk 00:15:07]} {[%emt 00:00:10]} 19. Bc5
{[%clk 01:02:46]} {[%emt 00:00:30]} Kd8 {[%clk 00:10:48]} {[%emt 00:04:50]} 20.
a4 {[%clk 00:50:17]} {[%emt 00:13:00]} Nb2 {[%clk 00:05:46]} {[%emt 00:05:32]}
21. Rb1 {[%clk 00:50:38]} {[%emt 00:00:08]} Nxa4 {[%clk 00:06:13]} {[%emt
00:00:03]} 22. Bd4 {[%clk 00:51:04]} {[%emt 00:00:04]} Ke7 {[%clk 00:06:24]}
{[%emt 00:00:20]} 23. c4 {[%clk 00:50:41]} {[%emt 00:00:52]} Rc8 {[%clk
00:03:47]} {[%emt 00:03:06]} 24. Bf1 {[%clk 00:46:42]} {[%emt 00:04:29]} Bxe4
{[%clk 00:03:50]} {[%emt 00:00:28]} 25. cxb5 {[%clk 00:46:22]} {[%emt
00:00:51]} axb5 {[%clk 00:04:17]} {[%emt 00:00:02]} 26. Rxb5 {[%clk 00:46:32]}
{[%emt 00:00:20]} Rxc2 {[%clk 00:01:33]} {[%emt 00:03:14]} 27. Rb4 {[%clk
00:47:01]} {[%emt 00:00:02]} Bc6 {[%clk 00:01:32]} {[%emt 00:00:30]} 28. Bxg7
{[%clk 00:47:25]} {[%emt 00:00:05]} Nc3 {[%clk 00:00:49]} {[%emt 00:01:14]} 29.
f5 {[%clk 00:42:01]} {[%emt 00:05:54]} Ne2+ {[%clk 00:00:41]} {[%emt 00:00:38]}
30. Kf2 {[%clk 00:42:26]} {[%emt 00:00:05]} Nc3+ {[%clk 00:00:35]} {[%emt
00:00:36]} 31. Kg1 {[%clk 00:42:31]} {[%emt 00:00:25]} Rc1 {[%clk 00:00:32]}
{[%emt 00:00:34]} 32. Kf2 {[%clk 00:42:18]} {[%emt 00:00:43]} Ne4+ {[%clk
00:00:47]} {[%emt 00:00:13]} 33. Ke2 {[%clk 00:42:45]} {[%emt 00:00:03]} Bd5
{[%clk 00:00:39]} {[%emt 00:00:38]} 34. Bh3 {[%clk 00:40:20]} {[%emt 00:02:55]}
Rc2+ {[%clk 00:00:33]} {[%emt 00:00:38]} 35. Ke3 {[%clk 00:40:49]} f6 {[%clk
00:00:38]} {[%emt 00:00:25]} 36. Bf1 {[%clk 00:41:02]} {[%emt 00:00:17]} Rxh2
{[%clk 00:00:38]} {[%emt 00:00:30]} 37. fxe6 {[%clk 00:41:30]} {[%emt
00:00:03]} dxe6 {[%clk 00:01:02]} {[%emt 00:00:06]} 38. Ra4 {[%clk 00:41:35]}
{[%emt 00:00:24]} Rb2 {[%clk 00:00:31]} {[%emt 00:01:01]} 39. Bd3 {[%clk
00:39:23]} {[%emt 00:02:42]} Ng5 {[%clk 00:00:38]} {[%emt 00:00:22]} 40. Ra7+
{[%clk 00:38:26]} {[%emt 00:01:28]} Rb7 {[%clk 00:01:03]} {[%emt 00:00:06]} 41.
Ra8 {[%clk 00:38:49]} {[%emt 00:00:06]} e5 {[%clk 00:00:49]} {[%emt 00:00:45]}
42. Ra6 {[%clk 00:38:58]} {[%emt 00:00:20]} Ne6 {[%clk 00:01:00]} {[%emt
00:00:19]} 43. g5 {[%clk 00:38:57]} {[%emt 00:00:31]} fxg5 {[%clk 00:00:38]}
{[%emt 00:00:52]} 44. Bxe5 {[%clk 00:39:26]} {[%emt 00:00:01]} h5 {[%clk
00:00:41]} {[%emt 00:00:27]} 45. Ra8 {[%clk 00:39:24]} {[%emt 00:00:32]} Rb3
{[%clk 00:00:43]} {[%emt 00:00:28]} 46. Ra7+ {[%clk 00:39:53]} {[%emt
00:00:01]} Rb7 {[%clk 00:01:00]} {[%emt 00:00:14]} 47. Ra8 {[%clk 00:40:21]}
{[%emt 00:00:01]} Nc5 {[%clk 00:00:31]} {[%emt 00:00:59]} 48. Bc2 {[%clk
00:37:06]} {[%emt 00:03:45]} Rb3+ {[%clk 00:00:33]} {[%emt 00:00:29]} 49. Bxb3
{[%clk 00:37:22]} {[%emt 00:00:12]} Bxa8 {[%clk 00:01:02]} {[%emt 00:00:02]} 50.
Bd1 {[%clk 00:37:45]} {[%emt 00:00:07]} h4 {[%clk 00:01:11]} {[%emt 00:00:21]}
51. Bg4 {[%clk 00:37:40]} {[%emt 00:00:34]} Bc6 {[%clk 00:01:21]} {[%emt
00:00:21]} 52. Bc3 {[%clk 00:37:48]} {[%emt 00:00:22]} Kf7 {[%clk 00:00:34]}
{[%emt 00:01:17]} 53. Kd4 {[%clk 00:37:52]} {[%emt 00:00:26]} Ne4 {[%clk
00:00:45]} {[%emt 00:00:19]} 54. Be1 {[%clk 00:37:39]} {[%emt 00:00:43]} Nf6
{[%clk 00:01:08]} {[%emt 00:00:07]} 55. Bf5 {[%clk 00:38:02]} {[%emt 00:00:07]}
Bd7 {[%clk 00:01:19]} {[%emt 00:00:19]} 56. Ke5 {[%clk 00:38:29]} {[%emt
00:00:03]} Bb5 {[%clk 00:00:32]} {[%emt 00:01:17]} 57. Be6+ {[%clk 00:37:32]}
{[%emt 00:01:26]} Kg6 {[%clk 00:01:01]} {[%emt 00:00:01]} 58. Bf5+ {[%clk
00:37:55]} {[%emt 00:00:07]} Kg7 {[%clk 00:01:04]} {[%emt 00:00:27]} 59. Bd2
{[%clk 00:37:27]} {[%emt 00:00:59]} h3 {[%clk 00:00:32]} {[%emt 00:01:03]} 60.
Bxh3 {[%clk 00:37:00]} {[%emt 00:00:56]} g4 {[%clk 00:00:37]} {[%emt 00:00:24]}
61. Bxg4 {[%clk 00:36:22]} {[%emt 00:01:08]} Nxg4+ {[%clk 00:01:04]} {[%emt
00:00:03]} 62. Kf4 {[%clk 00:36:43]} {[%emt 00:00:10]} Bd7 {[%clk 00:00:56]}
{[%emt 00:00:38]} 63. Bc3+ {[%clk 00:37:03]} {[%emt 00:00:09]} Kg6 {[%clk
00:01:23]} {[%emt 00:00:04]} 64. Bd4 {[%clk 00:37:29]} {[%emt 00:00:04]} Bf5
{[%clk 00:01:21]} {[%emt 00:00:31]} 65. Bc3 {[%clk 00:37:39]} {[%emt 00:00:20]}
Nf2 {[%clk 00:01:45]} {[%emt 00:00:06]} 66. Ke3 {[%clk 00:37:51]} {[%emt
00:00:18]} Nd3 {[%clk 00:02:01]} {[%emt 00:00:15]} 67. Bh8 {[%clk 00:38:09]}
{[%emt 00:00:12]} Kf7 {[%clk 00:02:27]} {[%emt 00:00:04]} 68. Kd4 {[%clk
00:38:29]} {[%emt 00:00:10]} Ke6 {[%clk 00:02:54]} {[%emt 00:00:04]} 69. Kc4
{[%clk 00:38:46]} {[%emt 00:00:12]} Ne1 {[%clk 00:03:13]} {[%emt 00:00:11]} 70.
Kd4 {[%clk 00:39:09]} {[%emt 00:00:07]} Nc2+ {[%clk 00:03:39]} {[%emt
00:00:03]} 71. Kc4 {[%clk 00:39:31]} {[%emt 00:00:08]} Kd6 {[%clk 00:04:03]}
{[%emt 00:00:07]} 72. Bg7 {[%clk 00:39:23]} {[%emt 00:00:38]} Be4 {[%clk
00:04:14]} {[%emt 00:00:18]} 73. Bf8+ {[%clk 00:39:33]} {[%emt 00:00:20]} Kc6
{[%clk 00:04:38]} {[%emt 00:00:06]} 74. Bh6 {[%clk 00:39:52]} {[%emt 00:00:11]}
Bg6 {[%clk 00:05:03]} {[%emt 00:00:05]} 75. Bg5 {[%clk 00:40:03]} {[%emt
00:00:18]} Ne1 {[%clk 00:05:20]} {[%emt 00:00:15]} 76. Bh6 {[%clk 00:40:22]}
{[%emt 00:00:11]} Nf3 {[%clk 00:05:33]} {[%emt 00:00:16]} 77. Bg7 {[%clk
00:40:37]} {[%emt 00:00:14]} Bf7+ {[%clk 00:05:49]} {[%emt 00:00:15]} 78. Kd3
{[%clk 00:40:57]} {[%emt 00:00:10]} Kd5 {[%clk 00:06:03]} {[%emt 00:00:17]} 79.
Ke3 {[%clk 00:41:22]} {[%emt 00:00:05]} Bh5 {[%clk 00:06:14]} {[%emt 00:00:19]}
80. Kf4 {[%clk 00:41:44]} {[%emt 00:00:07]} Ne1 {[%clk 00:03:56]} {[%emt
00:02:49]} 81. Bh8 {[%clk 00:40:57]} {[%emt 00:01:17]} Bg6 {[%clk 00:03:18]}
{[%emt 00:01:08]} 82. Ba1 {[%clk 00:40:52]} {[%emt 00:00:33]} Ng2+ {[%clk
00:03:32]} {[%emt 00:00:18]} 83. Kg5 {[%clk 00:41:18]} {[%emt 00:00:04]} Bd3
{[%clk 00:03:53]} {[%emt 00:00:09]} 84. Kf6 {[%clk 00:41:44]} {[%emt 00:00:04]}
Nf4 {[%clk 00:02:48]} {[%emt 00:01:35]} 85. Kg5 {[%clk 00:41:55]} {[%emt
00:00:18]} Ne6 {[%clk 00:02:22]} {[%emt 00:00:57]} 86. Kf6 {[%clk 00:41:56]}
{[%emt 00:00:29]} Bc2 {[%clk 00:02:12]} {[%emt 00:00:40]} 87. Bb2 {[%clk
00:42:00]} {[%emt 00:00:25]} Nf8 {[%clk 00:02:22]} {[%emt 00:00:21]} 88. Kg5
{[%clk 00:42:15]} {[%emt 00:00:15]} Ke4 {[%clk 00:01:41]} {[%emt 00:01:11]} 89.
Kf6 {[%clk 00:42:39]} {[%emt 00:00:06]} Nd7+ {[%clk 00:01:21]} {[%emt
00:00:51]} 90. Ke6 {[%clk 00:42:45]} {[%emt 00:00:22]} Nb6 {[%clk 00:01:49]}
{[%emt 00:00:03]} 91. Bh8 {[%clk 00:43:05]} {[%emt 00:00:09]} Nc4 {[%clk
00:01:36]} {[%emt 00:00:43]} 92. Ba1 {[%clk 00:43:15]} {[%emt 00:00:20]} Bb3
{[%clk 00:01:36]} {[%emt 00:00:30]} 93. Kf6 {[%clk 00:43:39]} {[%emt 00:00:07]}
Ne3 {[%clk 00:01:55]} {[%emt 00:00:11]} 94. Ke7 {[%clk 00:43:56]} {[%emt
00:00:12]} Kd5 {[%clk 00:01:50]} {[%emt 00:00:36]} 95. Kf6 {[%clk 00:44:20]}
{[%emt 00:00:06]} Bc2 {[%clk 00:01:26]} {[%emt 00:00:55]} 96. Kg5 {[%clk
00:44:37]} {[%emt 00:00:12]} Bd1 {[%clk 00:01:13]} {[%emt 00:00:43]} 97. Kf6
{[%clk 00:44:55]} {[%emt 00:00:10]} Bg4 {[%clk 00:01:36]} {[%emt 00:00:08]} 98.
Kg5 {[%clk 00:45:17]} {[%emt 00:00:08]} Ke4 {[%clk 00:02:03]} {[%emt 00:00:03]}
99. Kf6 {[%clk 00:45:26]} {[%emt 00:00:20]} Nd5+ {[%clk 00:02:13]} {[%emt
00:00:21]} 100. Kg5 {[%clk 00:45:52]} {[%emt 00:00:04]} Bd7 {[%clk 00:02:36]}
{[%emt 00:00:07]} 101. Bh8 {[%clk 00:46:12]} {[%emt 00:00:09]} Bf5 {[%clk
00:01:56]} {[%emt 00:01:11]} 102. Ba1 {[%clk 00:46:23]} {[%emt 00:00:19]} Nb6
{[%clk 00:02:16]} {[%emt 00:00:10]} 103. Kf6 {[%clk 00:46:46]} {[%emt
00:00:06]} Nd7+ {[%clk 00:02:43]} {[%emt 00:00:04]} 104. Ke7 {[%clk 00:47:09]}
{[%emt 00:00:06]} Kd5 {[%clk 00:03:11]} {[%emt 00:00:03]} 105. Bh8 {[%clk
00:47:25]} {[%emt 00:00:13]} Be6 {[%clk 00:02:11]} {[%emt 00:01:31]} 106. Ba1
{[%clk 00:47:50]} {[%emt 00:00:05]} Nc5 {[%clk 00:02:33]} {[%emt 00:00:08]} 107.
Kf6 {[%clk 00:48:06]} {[%emt 00:00:13]} Ne4+ {[%clk 00:02:58]} {[%emt
00:00:06]} 108. Ke7 {[%clk 00:48:28]} {[%emt 00:00:08]} Ng5 {[%clk 00:02:57]}
{[%emt 00:00:31]} 109. Kf6 {[%clk 00:48:51]} {[%emt 00:00:07]} Nh7+ {[%clk
00:03:09]} {[%emt 00:00:18]} 110. Ke7 {[%clk 00:49:11]} {[%emt 00:00:10]} Bg4
{[%clk 00:03:26]} {[%emt 00:00:12]} 111. Bb2 {[%clk 00:49:33]} {[%emt
00:00:08]} Ng5 {[%clk 00:03:41]} {[%emt 00:00:15]} 1/2-1/2